000 01172nam a22002417a 4500
003 NALT
005 20210722120912.0
008 s2543 th tha d
040 _aNALT
041 _atha
090 _aว SB191.M2 ส848ก 2543
100 0 _aสุรณี ทองเหลือง
245 1 0 _aการรวบรวมสายพันธุ์และปรับปรุง ข้าวโพดเทียนและข้าวโพดข้าวเหนียว
246 _a\The \\line collection and breeding of waxy (Tien) and glutinouse maize
260 3 _aกรุงเทพฯ :
_bมหาวิทยาลัยเกษตรศาสตร์,
_c2543
300 _a33 หน้า :
_b ตาราง ;
_c 29 ซม.
650 0 4 _aข้าวโพดข้าวเหนียว -- การปรับปรุงพันธุ์ -- วิจัย
650 0 4 _aข้าวโพด -- วิจัย
650 0 4 _aข้าวโพดเทียน -- การปรับปรุงพันธุ์ -- วิจัย
850 _aNALT
942 _cRSH
_2lcc
998 _bSOPAPORN
_j109
_k อารีรัตน์ วิชาช่าง
999 _c30073
_d30073